Films de Nicolas Cage par véhicule conduit - Statistiques

Statistiques générales
  • Ce quiz a été pris 3 fois
  • Le résultat moyen est 2 sur 20
Statistiques - réponses
Par images Réponse % Correct
Ghost Rider
100%
Benjamin Gates et le Livre des secrets
33%
Benjamin Gates et le Trésor des Templiers
33%
Ghost Rider 2 : L'Esprit de vengeance
33%
Rock
33%
60 secondes chrono
0%
Adaptation
0%
Bangkok Dangerous
0%
Family Man
0%
Hell Driver
0%
L'Apprenti sorcier
0%
Les Ailes de l'enfer
0%
Longlegs
0%
Lord of War
0%
Next
0%
Peggy Sue s'est mariée
0%
Prédictions
0%
Sailor et Lula
0%
Volte-face
0%
World Trade Center
0%
Aucun quiz correspondant
Distribution des résultats
% des personnes avec chaque résultat
Percentile par nombre de réponses
Votre historique - résultats
Vous n’avez pas pris ce quiz